[Event "AUT-chT 1112"]
[Site "Austria"]
[Date "2012.01.20"]
[Round "1.1"]
[White "Volokitin, Andrei"]
[Black "Fauland, Alexander"]
[Result "1-0"]
[WhiteElo "2695"]
[BlackElo "2452"]
[PlyCount "119"]
[EventDate "2012.01.20"]
[EventType "team-tourn"]
[EventRounds "11"]
[EventCountry "AUT"]
[SourceTitle "CBM 146 Extra"]
[Source "ChessBase"]
[SourceDate "2012.02.29"]
[SourceVersion "1"]
[SourceVersionDate "2012.02.29"]
[SourceQuality "1"]
[WhiteTeam "Jenbach"]
[BlackTeam "Poechlarn"]
[WhiteTeamCountry "AUT"]
[BlackTeamCountry "AUT"]

1. e4 c5 2. Nf3 e6 3. d4 cxd4 4. Nxd4 Nf6 5. Nc3 d6 6. g4 h6 7. h4 Be7 8. Bg2 Nfd7 9. g5 hxg5 10. hxg5 Rxh1+ 11. Bxh1 g6 12. Ndb5 Nb6 13. e5 d5 14. Bf4 Nc6 15. Qg4 a6 16. Nd6+ Bxd6 17. exd6 e5 18. Qe2 Be6 19. Bxe5 Qxg5 20. Bg3 0-0-0 21. Qe3 Qxe3+ 22. fxe3 Nc4 23. Kf2 Nxd6 24. Nxd5 Bxd5 25. Bxd5 Ne7 26. Bf3 Ndf5 27. Bg4 Rd2+ 28. Kf3 Kd8 29. Be1 Rxc2 30. Rd1+ Kc7 31. e4 Rxb2 32. exf5 gxf5 33. Bg3+ Kb6 34. Bh5 Rxa2 35. Rb1+ Ka7 36. Bxf7 Ra4 37. Rd1 Nc6 38. Rd7 a5 39. Bd5 Ka6 40. Rc7 Kb6 41. Rd7 Ka6 42. Ke3 Ra3+ 43. Kf4 Rc3 44. Be1 Rc1 45. Bd2 Rc2 46. Bb3 Rc5 47. Be3 Rc3 48. Bd1 a4 49. Be2+ b5 50. Bf3 Rc4+ 51. Kxf5 Ka5 52. Bd5 Rc2 53. Be4 Rc4 54. Bd3 Rh4 55. Rd6 Ne7+ 56. Ke6 a3 57. Kxe7 a2 58. Bd2+ Ka4 59. Bc2+ Ka3 60. Bc3 1-0